000 00717nam a2200169 i 4500
001 76553
003 ES-MaACL
005 20230906172858.0
007 t|
008 041004s1912 fr ||||1| fre d
100 1 _aGuiraud, Jean.
_960890
245 1 0 _aHistoire partiale
_b: histoire vraic /
_cJean Guiraud.
260 _aParis :
_b[s.n.,
_c1912] (
_eLille :
_fA. Taffin-Lefort)
300 _a4 v. ;
_c19 cm.
505 8 _aContiene: T. I: Des origines a Jeanne d'Arc. Treintième edition. -- T. II: Moyen Age-Renaissance. Reforme. Dumizième edition. -- T. III: L'acien regine (XVIIe-XVIII siecles) (1e partie). Septième edition. -- T. IV: L'ancien regine (XVIIe-XVIII) (2e partie).
852 _aES-MaACL
_jG-1087-90
999 _c76553
_d76553